Az ingerületvezetés molekuláris biológiai alapjai
Elmentve itt :
| Szerző: | |
|---|---|
| Dokumentumtípus: | Cikk |
| Megjelent: |
1963
|
| Sorozat: | Kolligátum
|
| Kulcsszavak: | Neurológia |
| Online Access: | http://misc.bibl.u-szeged.hu/25600 |
| LEADER | 00549nab a2200169 i 4500 | ||
|---|---|---|---|
| 001 | misc25600 | ||
| 005 | 20191108150037.0 | ||
| 008 | 170901s1963 hu o 0|| zxx d | ||
| 040 | |a SZTE Miscellanea Repozitórium |b hun | ||
| 041 | |a zxx | ||
| 100 | 1 | |a Csillik Bertalan | |
| 245 | 1 | 3 | |a Az ingerületvezetés molekuláris biológiai alapjai |h [elektronikus dokumentum] / |c Csillik Bertalan |
| 260 | |c 1963 | ||
| 300 | |a 157-160 | ||
| 490 | 0 | |a Kolligátum | |
| 695 | |a Neurológia | ||
| 856 | 4 | 0 | |u http://misc.bibl.u-szeged.hu/25600/1/017_019_157-160.pdf |z Dokumentum-elérés |